| 000 | 00644nam a2200133Ia 4500 | ||
|---|---|---|---|
| 008 | 160809s9999 xx 000 0 und d | ||
| 100 | _aStieger, Stefan. | ||
| 245 | _aParent-child proximity and personality: basic human values and moving distance | ||
| 245 | _cStefan Stieger and David Lewetz. | ||
| 260 | _bBMC Psychology | ||
| 260 | _c17-Mayo-16 | ||
| 650 | _xPSYCHOLOGY | ||
| 856 | _uhttp://download.springer.com/static/pdf/268/art%253A10.1186%252Fs40359-016-0132-5.pdf?originUrl=http%3A%2F%2Fbmcpsychology.biomedcentral.com%2Farticle%2F10.1186%2Fs40359-016-0132-5&token2=exp=1469411288~acl=%2Fstatic%2Fpdf%2F268%2Fart%25253A10.1186%25252F | ||
| 999 |
_c300204 _d300204 |
||